Les pays contenant entre 0 % et 10 % de sunnites - Statistiques

Statistiques générales
  • Ce quiz a été pris 49 fois
  • Le résultat moyen est 52 sur 95
Statistiques - réponses
Hint Réponse % Correct
7,74 % France
92%
0,20 % Portugal
82%
4,03 % Allemagne
77%
1,51 % Canada
77%
1,13 % Espagne
77%
1,35 % États-Unis
74%
0,07 % Brésil
72%
2,17 % Italie
72%
9,07 % Russie
72%
1,75 % Argentine
69%
0,20 % Hongrie
69%
1,62 % Norvège
69%
2,21 % Suède
69%
1,79 % Ukraine
69%
1,39 % Chine
67%
0,28 % Estonie
67%
0,38 % Finlande
67%
0,07 % Islande
67%
0,16 % Lituanie
67%
0,16 % Mexique
67%
0,01 % Pologne
67%
0,61 % Roumanie
67%
2,29 % Royaume-Uni
67%
3,29 % Suisse
67%
2,99 % Autriche
64%
0,22 % Biélorussie
64%
0,04 % Colombie
64%
0,01 % Guatemala
64%
0,56 % Irlande
64%
0,12 % Japon
64%
0,32 % Lettonie
64%
0,00 % Paraguay
64%
1,17 % République du Congo
64%
0,01 % Slovaquie
64%
0,01 % Uruguay
64%
0,28 % Venezuela
64%
4,04 % Grèce
62%
0,85 % Luxembourg
62%
2,98 % Belgique
59%
0,36 % Chili
59%
0,12 % Corée du Sud
59%
0,03 % Nicaragua
59%
0,00 % Pérou
59%
0,00 % Angola
56%
1,49 % Australie
56%
0,07% Cuba
56%
2,92 % Danemark
56%
0,01 % Équateur
56%
0,12 % Honduras
56%
0,07 % Jamaïque
56%
3,05 % Népal
56%
0,49 % Nouvelle-Zélande
56%
4,03 % Pays-Bas
56%
1,53 % Slovénie
56%
0,02 % Bolivie
54%
0,01 % Corée du Nord
54%
0,00 % Costa Rica
54%
3,88 % Gabon
54%
8,85 % Iran
54%
3,71 % Panama
54%
2,24 % Afrique du Sud
51%
1,36 % Croatie
51%
0,10 % Laos
51%
0,01 % République tchèque
51%
8,99 % Thaïlande
51%
1,84 % Cambodge
49%
6,92 % Guyana
49%
4,61 % Moldavie
49%
4,51 % Mongolie
49%
0,02 % République dominicaine
49%
1,98 % Arménie
46%
8,60 % Mozambique
46%
1,16 % Burundi
44%
1,63 % Madagascar
44%
0,62 % Zimbabwe
44%
0,87 % Bhoutan
41%
2,34 % Birmanie
41%
0,23 % Botswana
41%
3,40 % Guinée Équatoriale
41%
0,33 % Namibie
41%
5,79 % Philippines
41%
0,02 % Salvador
41%
0,04 % Lesotho
38%
6,49 % Kenya
36%
0,02 % Papouasie-Nouvelle-Guinée
36%
0,89 % Zambie
36%
8,38 % Géorgie
33%
0,55 % Swaziland
33%
2,33 % Cap-Vert
31%
0,33 % Taïwan
31%
8,52 % Ouganda
26%
7,56 % Sri Lanka
26%
6,03 % Trinité-et-Tobago
26%
0,90 % République démocratique du Congo
8%
0,62 % Vietname
8%
Aucun quiz correspondant
Distribution des résultats
% des personnes avec chaque résultat
Percentile par nombre de réponses
Votre historique - résultats
Vous n’avez pas pris ce quiz